000 00380nam a2200133Ia 4500
005 20260328104340.0
008 260328s9999||||xx |||||||||||||| ||und||
100 _aTobón Botero, Néstor
245 0 _aArquitectura de la Colonización antioqueña /
_cNéstor Tobón Botero
260 _bUniversidad Nacional de Colombia
300 _a181 p.
650 _aURBANISMO
942 _cBK
999 _c12081
_d12081